00414 2200157 4500001002100000005001500021035002000036245008500056100001800141300001200159260002900171082000800200084001400208020002200222990001200244INLIS00000000000180920250506112323 a0010-05250001011 aFood Combining Itu Gampang #2 :bPaham Melakukan Food Combining /cErikar Lebang0 aErikar Lebang a124 hlm aBandung :bQanita,c2017 a600 a600 ERI f a978-602-402-010-1 a0754748